000 00436pab a2200145 454500
008 180718b1988 xxu||||| |||| 00| 0 eng d
100 _aMontgomery, Mark R.
245 _aHow large is too large? Implications of the city size literature for population policy and research
260 _c1988
300 _a691-720
362 _aJul.
650 _aUrban Economics
773 _aEconomic Development and Cultural Change
909 _a20369
999 _c20369
_d20369